[Event "47th Rilton Cup 2017"]
[Site "?"]
[Date "2018.01.01"]
[Round "5"]
[White "Krasenkow, Michal"]
[Black "Tikkanen, Hans"]
[Result "1-0"]
[WhiteElo "2671"]
[BlackElo "2515"]
[PlyCount "103"]
[EventDate "2018.??.??"]
[EventType "swiss"]
[EventCountry "SWE"]
[SourceTitle "Stockholm"]
[TimeControl "40/5400+30:1800+30"]
[WhiteClock "0:21:27"]
[BlackClock "0:40:57"]

1. d4 {[%emt 0:00:00]} d5 {[%emt 0:00:31]} 2. c4 {[%emt 0:00:00]} c6 {[%emt 0:00:14]} 3. Nc3 {[%emt 0:00:00]} Nf6 {[%emt 0:00:17]} 4. e3 {[%emt 0:00:00]} Bf5 {[%emt 0:00:15]} 5. cxd5 {[%emt 0:00:04]} cxd5 {[%emt 0:00:07]} 6. Qb3 {[%emt 0:00:03]} Nc6 {[%emt 0:00:11]} 7. Qxb7 {[%emt 0:00:04]} Bd7 {[%emt 0:00:10]} 8. Qb3 {[%emt 0:00:03]} Rb8 {[%emt 0:00:07]} 9. Qd1 {[%emt 0:00:05]} e5 {[%emt 0:00:09]} 10. dxe5 {[%emt 0:00:04]} Nxe5 {[%emt 0:00:10]} 11. Nge2 {[%emt 0:00:03]} Bc5 {[%emt 0:04:56]} 12. Nf4 {[%emt 0:01:21]} Bc6 {[%emt 0:03:12]} 13. Be2 {[%emt 0:00:25]} O-O {[%emt 0:00:35]} 14. O-O {[%emt 0:00:03]} Rb6 {[%emt 0:51:06]} 15. b3 {[%emt 0:34:44]} d4 {[%emt 0:16:07]} 16. exd4 {[%emt 0:00:45]} Bxd4 {[%emt 0:00:02]} 17. Bb2 {[%emt 0:01:18]} Ne4 {[%emt 0:14:40]} 18. Nxe4 {[%emt 0:10:45]} Bxb2 {[%emt 0:00:03]} 19. Qxd8 {[%emt 0:00:14]} Rxd8 {[%emt 0:00:01]} 20. Rad1 {[%emt 0:00:09]} Rbb8 {[%emt 0:03:42]} 21. Nc5 {[%emt 0:04:47]} a5 {[%emt 0:00:34]} 22. Na6 {[%emt 0:05:17]} Rbc8 {[%emt 0:00:40]} 23. Nc7 {[%emt 0:01:39]} Kf8 {[%emt 0:02:53]} 24. Nb5 {[%emt 0:07:33]} Rxd1 {[%emt 0:00:44]} 25. Rxd1 {[%emt 0:00:15]} Bxb5 {[%emt 0:00:05]} 26. Bxb5 {[%emt 0:00:08]} Ke7 {[%emt 0:00:57]} 27. Nd5+ {[%emt 0:05:56]} Ke6 {[%emt 0:00:01]} 28. f4 {[%emt 0:01:28]} Rc1 {[%emt 0:00:27]} 29. Rxc1 {[%emt 0:00:49]} Bxc1 {[%emt 0:00:02]} 30. Nc7+ {[%emt 0:00:15]} Kd6 {[%emt 0:00:01]} 31. Ne8+ {[%emt 0:01:12]} Kc5 {[%emt 0:00:01]} 32. fxe5 {[%emt 0:00:23]} Kxb5 {[%emt 0:00:03]} 33. Nd6+ {[%emt 0:00:33]} Kc5 {[%emt 0:01:32]} 34. Nxf7 {[%emt 0:00:16]} Kd5 {[%emt 0:00:02]} 35. Kf2 {[%emt 0:06:37]} Bb2 {[%emt 0:01:50]} 36. Kf3 {[%emt 0:01:10]} Ke6 {[%emt 0:00:42]} 37. Ng5+ {[%emt 0:02:25]} Kxe5 {[%emt 0:00:20]} 38. Nxh7 {[%emt 0:00:22]} Kf5 {[%emt 0:00:35]} 39. h4 {[%emt 0:00:28]} Bc3 {[%emt 0:00:39]} 40. h5 {[%emt 0:01:48]} Bd2 {[%emt 0:00:38]} 41. g4+ {[%emt 0:31:56]} Ke6 {[%emt 0:03:02]} 42. Ke4 {[%emt 0:00:00]} Bc1 {[%emt 0:00:35]} 43. Nf8+ {[%emt 0:00:00]} Kf6 {[%emt 0:02:36]} 44. Nd7+ {[%emt 0:00:00]} Kg5 {[%emt 0:00:07]} 45. Kf3 {[%emt 0:00:00]} Bf4 {[%emt 0:02:11]} 46. Nc5 {[%emt 0:00:00]} Be5 {[%emt 0:00:55]} 47. a3 {[%emt 0:00:00]} Bb2 {[%emt 0:02:33]} 48. b4 {[%emt 0:00:00]} axb4 {[%emt 0:01:21]} 49. axb4 {[%emt 0:00:00]} g6 {[%emt 0:00:09]} 50. hxg6 {[%emt 0:00:00]} Kxg6 {[%emt 0:00:07]} 51. b5 {[%emt 0:00:00]} Bd4 {[%emt 0:01:06]} 52. Nd7 {[%emt 0:00:00]} 1-0

[Event "47th Rilton Cup 2017"]
[Site "?"]
[Date "2018.01.01"]
[Round "5"]
[White "Grandelius, Nils"]
[Black "Santos Latasa, Jaime"]
[Result "1/2-1/2"]
[WhiteElo "2647"]
[BlackElo "2536"]
[PlyCount "71"]
[EventDate "2018.??.??"]
[EventType "swiss"]
[EventCountry "SWE"]
[SourceTitle "Stockholm"]
[TimeControl "40/5400+30:1800+30"]
[WhiteClock "0:46:54"]
[BlackClock "0:20:44"]

1. e4 {[%emt 0:00:37]} e5 {[%emt 0:00:00]} 2. Nf3 {[%emt 0:00:12]} Nc6 {[%emt 0:00:00]} 3. Bb5 {[%emt 0:00:10]} a6 {[%emt 0:00:00]} 4. Ba4 {[%emt 0:00:05]} Nf6 {[%emt 0:00:00]} 5. O-O {[%emt 0:01:54]} Be7 {[%emt 0:00:13]} 6. Re1 {[%emt 0:00:16]} b5 {[%emt 0:00:06]} 7. Bb3 {[%emt 0:00:05]} d6 {[%emt 0:00:05]} 8. c3 {[%emt 0:00:25]} O-O {[%emt 0:00:07]} 9. h3 {[%emt 0:00:05]} Nb8 {[%emt 0:00:05]} 10. d4 {[%emt 0:01:25]} Nbd7 {[%emt 0:00:31]} 11. c4 {[%emt 0:01:08]} c6 {[%emt 0:00:23]} 12. Nc3 {[%emt 0:00:29]} b4 {[%emt 0:00:47]} 13. Ne2 {[%emt 0:01:05]} Nxe4 {[%emt 0:04:45]} 14. Qc2 {[%emt 0:00:51]} Ng5 {[%emt 0:07:24]} 15. Bxg5 {[%emt 0:05:22]} Bxg5 {[%emt 0:02:57]} 16. c5 {[%emt 0:16:11]} exd4 {[%emt 0:10:48]} 17. cxd6 {[%emt 0:01:32]} c5 {[%emt 0:01:21]} 18. Ng3 {[%emt 0:05:18]} Bb7 {[%emt 0:06:55]} 19. Nxg5 {[%emt 0:17:21]} Qxg5 {[%emt 0:00:46]} 20. Re7 {[%emt 0:00:07]} Bc6 {[%emt 0:00:21]} 21. Rae1 {[%emt 0:04:39]} Rad8 {[%emt 0:06:32]} 22. Qe2 {[%emt 0:11:14]} Bb5 {[%emt 0:05:02]} 23. Ne4 {[%emt 0:04:13]} Bxe2 {[%emt 0:04:15]} 24. Nxg5 {[%emt 0:00:03]} c4 {[%emt 0:00:08]} 25. R1xe2 {[%emt 0:04:00]} cxb3 {[%emt 0:00:16]} 26. axb3 {[%emt 0:00:01]} Nf6 {[%emt 0:00:35]} 27. Rb7 {[%emt 0:02:37]} Rxd6 {[%emt 0:03:15]} 28. Rxb4 {[%emt 0:00:25]} d3 {[%emt 0:00:35]} 29. Rd2 {[%emt 0:00:11]} h6 {[%emt 0:00:20]} 30. Ne4 {[%emt 0:04:40]} Nxe4 {[%emt 0:00:21]} 31. Rxe4 {[%emt 0:00:03]} Rb8 {[%emt 0:01:07]} 32. b4 {[%emt 0:00:17]} Rdb6 {[%emt 0:00:12]} 33. Rxd3 Rxb4 {[%emt 0:00:07]} 34. Rxb4 {[%emt 0:00:11]} Rxb4 {[%emt 0:00:08]} 35. Ra3 {[%emt 0:00:02]} Rxb2 {[%emt 0:00:09]} 36. Rxa6 {[%emt 0:00:02]} 1/2-1/2

[Event "47th Rilton Cup 2017"]
[Site "?"]
[Date "2018.01.01"]
[Round "5"]
[White "Hammer, Jon Ludvig"]
[Black "Nihal, Sarin"]
[Result "0-1"]
[WhiteElo "2620"]
[BlackElo "2507"]
[Annotator "TA"]
[PlyCount "138"]
[EventDate "2018.??.??"]
[EventType "swiss"]
[EventCountry "SWE"]
[SourceTitle "Stockholm"]

{[%evp 28,138,19,14,20,14,18,8,15,8,13,11,39,0,0,0,0,0,0,0,0,-56,53,-93,-86,-91,-100,-100,-99,-94,-100,-189,-200,-192,-183,-189,-195,-194,-200,-195,-191,-179,-179,-227,-223,-211,-183,-264,-253,-256,-96,-378,-333,-866,-862,-861,-847,-830,-813,-805,-789,-791,-744,-1334,-1323,-1468,-1295,-1749,-1471,-1957,-1619,-12827,-6729,-6733,-12829,-12824,-5277,-12843,-12843,-12844,-12844,-12845,-12845,-12846,-12846,-12847,-12847,-12848,-12847,-12848,-12847,-12848,-12846,-12847,-12844,-12845,-12845,-12845,-12846,-12846,-12847,-12847,-12847,-12849,-12847,-12848,-12847,-12847,-12848,-12850,-12850,-12851,-29981]} 1. c4 Nf6 2. Nf3 e6 3. g3 d5 4. Bg2 Be7 5. d4 O-O 6. O-O dxc4 7. Qc2 a6 8. a4 Bd7 9. Qxc4 Bc6 10. Bg5 Bd5 11. Qc2 Be4 12. Qc1 h6 13. Bxf6 {E05: Open Catalan: 5 Nf3 Be7} Bxf6 14. Rd1 a5 15. Nbd2 {[%cal Bb1d2,Bd2b3,Bb3c5][%mdl 32] LiveBook: 16 Games. The position is equal.} Bh7 16. Nb3 c6 17. Qc3 Be7 18. Nc5 Qc7 19. Ne5 {[#]} Rd8 $146 ({Predecessor:} 19... Na6 20. Nxb7 Qxb7 21. Bxc6 {1-0 (58) Eljanov,P (2717)-Nakamura,H (2814) Baku 2015}) 20. Qb3 Bxc5 $1 21. dxc5 {Rxd8+ is the strong threat.} Na6 22. Qb6 Qxb6 23. cxb6 Nc5 24. h4 ({White should try} 24. f4 $11) 24... f6 (24... Nb3 $1 $15 25. Rxd8+ Rxd8) 25. Nc4 (25. Rxd8+ $14 Rxd8 26. Rc1 Nxa4 27. Nxc6) 25... Nb3 $1 $36 {[%cal Rb3a1][%mdl 2048] White is under strong pressure.} 26. Rxd8+ Rxd8 27. Ra3 Rd4 $1 28. Rxb3 Rxc4 {[%mdl 4096] Endgame KRB-KRB} 29. f3 {[#]} (29. Rc3 $17 {is a better defense.} Rb4 30. f4) 29... Bc2 $1 $19 {[%cal Rc2b3]} 30. Re3 Rxa4 ({Not} 30... Bxa4 31. Bh3 $11) 31. Bh3 Rb4 32. Bxe6+ Kf8 33. b3 Bg6 34. Kf2 Rxb6 35. g4 Bf7 36. Bxf7 Kxf7 {KR-KR} 37. h5 (37. Rc3 {might work better.}) 37... Rb4 38. Rd3 b5 $2 (38... Ke6 $19 39. Re3+ Kd7 40. Rd3+ Kc7) 39. Rc3 $2 {[%mdl 8192]} (39. Rd7+ $17 Ke6 40. Ra7) 39... Ke7 40. Rxc6 $2 (40. Ke1 Kd6 41. Rd3+ Kc5 42. Rc3+ Kb6 43. Kd2) 40... Rxb3 {Black is clearly winning.} 41. Rc7+ Kf8 42. Rc8+ Kf7 43. Rc7+ Kg8 44. Rc8+ {[#]} Kh7 $1 45. e4 a4 {[%cal Ba5a4,Ba4a3][%mdl 32]} 46. Ra8 a3 47. f4 b4 48. e5 fxe5 49. fxe5 Rc3 50. e6 Rc6 51. e7 Re6 52. e8=Q Rxe8 53. Rxe8 {KR-KP} a2 54. Ra8 b3 55. Kg3 b2 56. Rxa2 b1=Q {KQ-KR} 57. Ra3 Qg1+ 58. Kh3 Qd1 59. Re3 Kg8 60. Ra3 Kf7 61. Ra7+ Kf6 62. Ra6+ Ke5 63. Ra5+ Ke4 {( -> ...Qd3+)} 64. Rf5 Qd3+ 65. Kh4 Qd7 66. Rf2 Ke3 67. Rf1 Ke2 68. Rf5 {[#]} Qxf5 $1 {[%mdl 512]} 69. gxf5 Kf3 {Precision: White = 35%, Black = 78%.} 0-1

[Event "47th Rilton Cup 2017"]
[Site "?"]
[Date "2018.01.01"]
[Round "5"]
[White "Tari, Aryan"]
[Black "Usmanov, Vasily"]
[Result "1/2-1/2"]
[WhiteElo "2593"]
[BlackElo "2467"]
[PlyCount "117"]
[EventDate "2018.??.??"]
[EventType "swiss"]
[EventCountry "SWE"]
[SourceTitle "Stockholm"]
[TimeControl "40/5400+30:1800+30"]
[WhiteClock "0:20:59"]
[BlackClock "0:13:13"]

1. e4 {[%emt 0:01:58]} e6 {[%emt 0:00:00]} 2. d4 {[%emt 0:00:17]} d5 {[%emt 0:00:00]} 3. Nc3 {[%emt 0:00:14]} Nf6 {[%emt 0:00:00]} 4. e5 {[%emt 0:00:16]} Nfd7 {[%emt 0:00:00]} 5. f4 {[%emt 0:00:07]} c5 {[%emt 0:00:00]} 6. Nf3 {[%emt 0:00:12]} Nc6 {[%emt 0:00:03]} 7. Be3 {[%emt 0:00:29]} cxd4 {[%emt 0:00:04]} 8. Nxd4 {[%emt 0:00:12]} Bc5 {[%emt 0:00:06]} 9. Qd2 {[%emt 0:00:48]} Bxd4 {[%emt 0:00:12]} 10. Bxd4 {[%emt 0:00:10]} Nxd4 {[%emt 0:00:04]} 11. Qxd4 {[%emt 0:00:13]} Qb6 {[%emt 0:00:03]} 12. Qd2 {[%emt 0:00:12]} Nc5 {[%emt 0:02:20]} 13. O-O-O {[%emt 0:00:51]} Bd7 {[%emt 0:01:35]} 14. Qd4 {[%emt 0:02:13]} Bc6 {[%emt 0:03:04]} 15. h4 {[%emt 0:02:12]} h5 {[%emt 0:01:17]} 16. Rh3 {[%emt 0:10:18]} a5 {[%emt 0:11:45]} 17. a4 {[%emt 0:06:04]} Qb4 {[%emt 0:05:20]} 18. b3 {[%emt 0:11:14]} Qxd4 {[%emt 0:09:01]} 19. Rxd4 {[%emt 0:00:02]} Ke7 {[%emt 0:00:08]} 20. Be2 {[%emt 0:03:17]} Rac8 {[%emt 0:02:46]} 21. Re3 {[%emt 0:00:56]} g6 {[%emt 0:00:19]} 22. Bf3 {[%emt 0:00:46]} Na6 {[%emt 0:01:19]} 23. Ne2 {[%emt 0:03:02]} b5 {[%emt 0:08:53]} 24. axb5 {[%emt 0:03:28]} Bxb5 {[%emt 0:00:06]} 25. Nc3 {[%emt 0:00:57]} Bc6 {[%emt 0:04:50]} 26. Kb2 {[%emt 0:06:23]} Nb4 {[%emt 0:00:30]} 27. Na2 {[%emt 0:04:07]} Nxa2 {[%emt 0:10:14]} 28. Kxa2 {[%emt 0:00:06]} Bb5 {[%emt 0:00:03]} 29. Kb2 {[%emt 0:01:15]} Rc5 {[%emt 0:00:07]} 30. Rc3 {[%emt 0:02:26]} Rxc3 {[%emt 0:00:05]} 31. Kxc3 {[%emt 0:00:05]} Rc8+ {[%emt 0:00:04]} 32. Kb2 {[%emt 0:02:45]} Rc5 {[%emt 0:00:04]} 33. c3 {[%emt 0:01:05]} Rc7 {[%emt 0:00:52]} 34. Bd1 {[%emt 0:01:38]} Rb7 {[%emt 0:03:36]} 35. Kc1 {[%emt 0:04:44]} Rc7 {[%emt 0:03:36]} 36. Kd2 {[%emt 0:01:38]} Rc8 {[%emt 0:00:26]} 37. Bc2 {[%emt 0:01:01]} Rb8 {[%emt 0:00:26]} 38. Kc1 {[%emt 0:01:05]} Rb7 {[%emt 0:05:26]} 39. g3 {[%emt 0:02:44]} Rb8 {[%emt 0:00:48]} 40. Kb2 {[%emt 0:00:57]} Rb7 {[%emt 0:01:31]} 41. Ka3 {[%emt 0:36:29]} Rc7 {[%emt 0:32:14]} 42. Bd3 {[%emt 0:01:00]} Bxd3 {[%emt 0:00:24]} 43. Rxd3 {[%emt 0:00:08]} Rc5 {[%emt 0:00:22]} 44. Kb2 {[%emt 0:01:48]} Kd7 {[%emt 0:04:08]} 45. Rd4 {[%emt 0:01:10]} Kc7 {[%emt 0:00:39]} 46. Ra4 {[%emt 0:04:32]} Rb5 {[%emt 0:02:00]} 47. Kc2 {[%emt 0:00:46]} Kc6 {[%emt 0:00:40]} 48. Ra3 {[%emt 0:00:56]} Rc5 {[%emt 0:01:57]} 49. Kd3 {[%emt 0:00:30]} Kb5 {[%emt 0:00:40]} 50. Ra1 {[%emt 0:01:01]} Rc8 {[%emt 0:00:35]} 51. Rg1 {[%emt 0:00:41]} Kc5 {[%emt 0:00:56]} 52. Ra1 {[%emt 0:00:35]} Kb5 {[%emt 0:00:09]} 53. Kd4 {[%emt 0:00:10]} Rc7 {[%emt 0:00:28]} 54. Ra2 {[%emt 0:00:55]} Rc8 {[%emt 0:00:15]} 55. Rb2 {[%emt 0:00:32]} Rd8 {[%emt 0:00:17]} 56. Rg2 {[%emt 0:00:50]} Rc8 {[%emt 0:00:24]} 57. Ra2 {[%emt 0:00:40]} Rc7 {[%emt 0:00:16]} 58. Rc2 {[%emt 0:00:37]} Rd7 {[%emt 0:00:34]} 59. Ra2 1/2-1/2

[Event "47th Rilton Cup 2017"]
[Site "?"]
[Date "2018.01.01"]
[Round "5"]
[White "Sokolov, Ivan"]
[Black "Salomon, Johan"]
[Result "0-1"]
[WhiteElo "2589"]
[BlackElo "2475"]
[Annotator "TA"]
[PlyCount "94"]
[EventDate "2018.??.??"]
[EventType "swiss"]
[EventCountry "SWE"]
[SourceTitle "Stockholm"]

{[%evp 13,94,5,14,-2,11,0,11,7,12,5,6,11,21,-29,-26,-47,-53,-49,-58,-56,-42,-49,-23,-26,-9,-72,-83,-87,-64,-121,-122,-118,-111,-185,-181,-183,-177,-177,-155,-190,-155,-181,-162,-163,-161,-166,-175,-175,-174,-175,-179,-169,-175,-179,-162,-150,-128,-135,-128,-185,-145,-201,-191,-260,-221,-252,-246,-307,-249,-461,-379,-586,-580,-562,-547,-540,-538,-535,-477,-495,-445,-966,-957]} 1. d4 Nf6 2. c4 e6 3. Nc3 Bb4 4. Bd2 O-O 5. a3 Bxc3 6. Bxc3 Ne4 7. Rc1 {E20: Nimzoindisch (Seltene Züge)} d6 {LiveBook: 7 Partien} 8. g3 Nd7 $146 (8... e5 {is more complex.} 9. Bg2 Nxc3 10. Rxc3 Nd7 11. Nf3 Qe7) ({Vorgänger:} 8... e5 9. Bg2 Nxc3 10. Rxc3 exd4 11. Qxd4 Nc6 12. Qd2 a5 13. Nf3 Re8 14. O-O Bf5 15. Rd1 {½-½ (15) Kveinys,A (2545)-Kengis,E (2570) Lubniewice 1998}) 9. Bg2 {Die Stellung ist ausgeglichen.} Ndf6 10. Qd3 Nxc3 11. Qxc3 Re8 12. e4 e5 13. d5 a5 $36 {[%mdl 2048] Schwarz drückt.} 14. b4 c6 15. dxc6 bxc6 16. Ne2 axb4 17. axb4 Be6 {Schwarz will ...Ta2 spielen.} 18. O-O Qb6 19. Ra1 (19. c5 $11 Qb5 20. Rc2) 19... h6 $17 20. h3 Nd7 21. Rad1 (21. Qb3 $15) 21... c5 22. bxc5 Qxc5 23. Nc1 (23. Rfe1 $17) 23... Ra3 $19 24. Qd2 Rxg3 ({Viel schwächer ist} 24... Qxc4 25. Qxd6 Rea8 26. Rfe1 $17) 25. Kh2 Rg6 26. Qxd6 Qxc4 {[#] zielt auf ...Lxh3! ab.} 27. Qa3 Nf6 {[%cal Bd7f6,Bf6h5,Bh5f4][%mdl 32]} 28. Rfe1 Nh5 29. Nd3 Qc7 30. Bf3 Nf4 31. Nxf4 exf4 32. Rg1 Rxg1 33. Rxg1 Qe5 34. Qa1 Qxa1 35. Rxa1 $17 {[%mdl 4096] Endspiel KTL-KTL} g6 36. e5 (36. Ra4 $17 {kämpft weiter.}) 36... Kg7 37. Ra5 (37. Ra7 $17) 37... Rd8 38. h4 (38. Bg4 {ist eine bessere Verteidigung.}) 38... Rd4 39. Ba8 g5 40. hxg5 hxg5 41. f3 $2 (41. Ra6) 41... Rd2+ $19 42. Kg1 (42. Kh1 {war erzwungen.} Kg6 43. Kg1) 42... Kg6 {Schwarz steht klar auf Gewinn.} 43. Kf1 Kh5 44. Ke1 Rb2 45. Be4 Kh4 46. Ra8 Kg3 47. Rg8 {[#]} (47. Ra3 $142 Rb5 48. Kd2) 47... g4 $1 {Precision: Weiß = 33%, Schwarz = 71%.} 0-1

[Event "47th Rilton Cup 2017"]
[Site "?"]
[Date "2018.01.01"]
[Round "5"]
[White "Aravindh, Chithambaram VR"]
[Black "Gledura, Benjamin"]
[Result "1/2-1/2"]
[WhiteElo "2586"]
[BlackElo "2613"]
[Annotator "TA"]
[PlyCount "78"]
[EventDate "2018.??.??"]
[EventType "swiss"]
[EventCountry "SWE"]
[SourceTitle "Stockholm"]

{[%evp 27,78,14,28,14,19,17,26,8,14,0,7,0,0,-5,-16,-20,-18,-10,-18,-24,0,0,0,0,0,0,0,0,7,0,0,0,7,-18,0,0,0,0,0,-8,0,-45,-45,-52,-45,-36,-36,-34,-25,-63,-92,-122,-102]} 1. e4 e5 2. Nf3 Nc6 3. Bb5 {[%cal Bf1b5,Bb5a4,Ba4b3,Bb3a2][%mdl 32]} a6 4. Ba4 Nf6 5. O-O Be7 6. Re1 b5 7. Bb3 O-O 8. a4 Bb7 9. d3 d6 10. Nbd2 Na5 11. Ba2 c5 12. Nf1 b4 {C88: Closed Ruy Lopez: Anti-Marshall Systems} (12... bxa4 13. Ne3 Bc8 14. Nh4 g6 15. Nf3 Bd7 16. Nd5 Nxd5 17. Bxd5 Rb8 18. Bh6 Re8 19. Qd2 Bc6 20. Bxc6 Nxc6 {1-0 (58) Giri,A (2776)-Tomashevsky,E (2749) Khanty-Mansiysk 2015}) 13. Ne3 (13. Ng3 Bc8 14. c3 Rb8 15. Bd2 b3 16. Bb1 Qc7 17. h3 Nc6 18. Ra3 Qb7 19. Nf1 Be6 20. Ne3 Ne8 21. Bc1 g6 {½-½ (100) Aravindh,C (2505)-Gledura,B (2505) Ulaanbaatar 2015}) 13... Bc8 14. c3 Rb8 {LiveBook: 7 Games. The position is equal.} 15. h3 bxc3 $146 ({Predecessor:} 15... Be6 16. Bd2 bxc3 17. bxc3 {½-½ (29) Remis Fernandez,J (2309)-Lednev,V (2401) ICCF email 2007}) 16. bxc3 Be6 17. Nd2 Bxa2 18. Rxa2 d5 19. Nf5 Re8 20. Ba3 Bf8 21. Qf3 g6 22. Ne3 {[%cal Re4d5]} d4 23. cxd4 exd4 24. Nec4 {[#] aiming for Nxa5.} Nd5 25. Raa1 Nxc4 26. Nxc4 Nb6 27. Nb2 Nd7 28. Nc4 Nb6 29. Nb2 Nd7 30. Rec1 Rb3 31. Nc4 Nb6 32. Qd1 Rc3 {Threatens to win with ...Nxc4.} 33. Na5 Qd7 34. Bb2 (34. Rcb1 {seems wilder.} Qxa4 35. Nb3 Qc6 36. Bb2 Na4 37. Bc1) 34... Rxc1 35. Bxc1 {[#]} c4 $1 $36 {[%mdl 2560] White is under pressure.} 36. Nxc4 Nxc4 37. dxc4 Rxe4 38. Bb2 Bc5 39. Ba3 Bxa3 {Precision: White = 38%, Black = 80%.} 1/2-1/2

[Event "47th Rilton Cup 2017"]
[Site "?"]
[Date "2018.01.01"]
[Round "5"]
[White "Liang, Awonder"]
[Black "Piorun, Kacper"]
[Result "0-1"]
[WhiteElo "2573"]
[BlackElo "2651"]
[Annotator "TA"]
[PlyCount "84"]
[EventDate "2018.??.??"]
[EventType "swiss"]
[EventCountry "SWE"]
[SourceTitle "Stockholm"]

{[%evp 18,84,0,0,10,0,24,14,24,10,26,26,39,27,39,27,21,15,18,10,18,0,2,10,6,0,2,0,0,-5,-9,-10,-12,-58,-36,-83,-81,-101,-88,-108,-95,-129,-106,-153,0,0,451,-229,-209,-285,-239,-220,-163,-183,-172,-167,-158,-6890,-6475,-5621,-5614,-29981,-29982,-29982,-29983,-29983,-29984,-29984,-29985]} 1. e4 e5 2. Nf3 Nc6 3. Bb5 Nf6 4. d3 Bc5 5. O-O Nd4 6. Nxd4 Bxd4 7. Nd2 {C65: Spanische Partie (Berliner-Verteidigung)} c6 8. Ba4 d6 9. c3 Bb6 10. Bc2 {LiveBook: 5 Partien} Be6 $146 ({Vorgänger:} 10... O-O 11. Nc4 Bc7 12. Bg5 h6 13. Bh4 d5 14. exd5 cxd5 {1-0 (50) Fressinet,L (2677)-Gustafsson,J (2646) Oberhof 2011}) 11. Nf3 h6 12. d4 Qc7 13. Be3 Ng4 14. Bd2 Nf6 15. a4 a5 16. Re1 Bg4 17. Be3 Bh5 18. h3 O-O-O 19. g4 Bg6 20. dxe5 dxe5 21. Qe2 {Schwarz sollte Lxb6 verhindern.} Nd7 22. b4 h5 23. Bxb6 Qxb6 24. g5 h4 ({Doch nicht} 24... axb4 $6 25. a5 $16) 25. Nd2 Bh5 26. Qf1 axb4 27. Nc4 Qc5 28. cxb4 Qxb4 29. Reb1 Qe7 $36 {[%mdl 2048] Läuft bei Schwarz.} 30. Qc1 Be2 $2 (30... Nc5 $17 {zielt auf ...Td4 ab.} 31. Qe3 Rd4 32. Nb6+ Kc7) 31. Bd1 $1 $11 {[%cal Rd1e2]} Bxd1 $2 {[%mdl 8192] [#]} (31... Bxc4 $1 $11 {und Schwarz muss sich keine Sorgen machen.} 32. Qxc4 Nc5) 32. Qxd1 $4 {[%mdl 8192] [#]} (32. Rxb7 $1 $18 {[%mdl 512] nur so kann Weiss gewinnen. Droht Tab1 und aus.} Bc2 (32... Kxb7 33. Na5+) 33. Qxc2 Qxg5+ 34. Kf1) 32... Nc5 $1 $19 33. Qe1 Qxg5+ 34. Kf1 Nd3 35. Qa5 {[#] jetzt Txb7! und aus.} Nf4 $1 36. Ne3 Nxh3 {( -> ...Dg1+)} 37. Ke2 $2 (37. Ng2 $17 Qf6 38. Qa7 Qxf2+ 39. Qxf2 Nxf2 40. Kxf2) 37... Nf4+ 38. Kf1 h3 39. Qa7 {[#]} Qg2+ $1 {[%mdl 512] Schwarz setzt Matt.} 40. Ke1 (40. Nxg2 hxg2+) 40... Qh1+ 41. Nf1 Qxe4+ 42. Ne3 {[#]} c5 $1 {Precision: Weiß = 54%, Schwarz = 68%.} 0-1

[Event "47th Rilton Cup 2017"]
[Site "?"]
[Date "2018.01.01"]
[Round "5"]
[White "Rasmussen, Allan Stig"]
[Black "Hauge, Lars Oskar"]
[Result "1-0"]
[WhiteElo "2543"]
[BlackElo "2439"]
[Annotator "TA"]
[PlyCount "55"]
[EventDate "2018.??.??"]
[EventType "swiss"]
[EventCountry "SWE"]
[SourceTitle "Stockholm"]

{[%evp 27,55,93,112,17,145,145,139,134,118,125,131,97,94,104,153,133,143,131,155,139,287,308,308,292,558,512,787,820,811,810]} 1. d4 Nf6 2. c4 g6 3. Nc3 Bg7 4. e4 d6 5. Nf3 O-O 6. Be2 e5 7. O-O Nc6 8. d5 Ne7 9. Ne1 {[%cal Bf3e1,Be1d3,Bd3e5,Be5g4,Bg4f6][%mdl 32]} Nd7 10. Be3 f5 11. f3 f4 12. Bf2 g5 13. Nd3 Rf6 14. c5 {E99: Königsindisch (Klassisches System)} a6 {LiveBook: 3 Partien} (14... Rh6 15. cxd6 cxd6 16. Nb5 Qe8 17. Nxa7 Nf6 18. Nxc8 Rxc8 19. h3 Rg6 20. Qb3 h5 21. Nxe5 dxe5 {1-0 (50) Bukavshin,I (2618)-Belyakov,B (2482) Sochi 2015}) 15. c6 (15. Na4 $16) 15... Nf8 $146 {[#]} (15... bxc6 $11 16. dxc6 Nxc6) ({Vorgänger:} 15... bxc6 16. dxc6 Nxc6 17. Nd5 Rh6 18. Rc1 Nd4 19. Rxc7 Kh8 20. Qd2 Nb6 21. N3b4 Nxd5 22. Nxd5 {1-0 (36) Krush,I (2491)-Fominykh,M (2296) Khanty-Mansiysk 2014}) 16. cxb7 $1 $16 {Weiß steht deutlich besser.} Bxb7 17. Qb3 Bc8 18. Nxe5 Rh6 19. Ng4 Rg6 {Schwarz will ...h5 spielen.} 20. e5 $36 {[%cal Be4e5,Be5f6][%mdl 2080] Schwarz steht unter starkem Druck.} h5 21. Nf6+ $1 Bxf6 22. exf6 Nf5 23. Ne4 {Und Dc2 würde nun gewinnen.} g4 (23... Nh7 $16 {ist wohl besser.} 24. f7+ Kxf7) 24. fxg4 $18 hxg4 25. Bd3 Nd7 $2 {[#]} (25... Nh7 26. f7+ Kxf7) 26. Nxd6 $1 {[%cal Be4d6,Bd6f5,Bf5e7][%mdl 544] Weiß steht klar auf Gewinn.} Nc5 (26... Nxd6 $142 27. Bxg6 Qxf6) (26... cxd6 27. f7+) 27. Nxf5 {Se7+ ist eine echte Drohung.} Nxb3 28. Ne7+ {Precision: Weiß = 70%, Schwarz = 14%.} 1-0